00486nmm a2200157Ia 4500008004100000020001800041041000800059100004800067245001500115264008400130300001700214650002200231856005100253942000700304999001700311251105s9999||||xx |||||||||||||||||und|| a9788499839691 aspa aRenglones de Ficción, Colectivo Literario 0aRelateAndo a[Madrid, España] :bVision Libros, c[Fecha de publicación no identificada] a76 páginas aSpanish narrative uhttps://public.digitaliapublishing.com/a/89329 cCF c93274d93274